Estadísticas para Máximos goleadores de la Bundesliga 2018-2019

Haz click aquí para intentar la prueba.

Estadísticas generales

  • Esta prueba ha sido intentada 14 veces
  • La puntuación promedio es 7 de 11

Estadísticas de respuestas

GolesNacionalidadEquipoJugador% Correcto
22PoloniaBayern MünchenRobert Lewandowski
100%
17CroaciaTSG 1899 HoffenheimAndrej Kramarić
92%
17SerbiaEintracht FráncfortLuka Jović
85%
17AlemaniaBorussia DortmundMarco Reus
85%
18EspañaBorussia DortmundPaco Alcácer
85%
16AlemaniaRB LeipzigTimo Werner
85%
15DinamarcaRB LeipzigYussuf Poulsen
85%
17Países BajosWolfsburgoWout Weghorst
54%
17AlemaniaBayer LeverkusenKai Havertz
23%
15FranciaEintracht FráncfortSébastien Haller
15%
16ArgeliaTSG 1899 HoffenheimIshak Belfodil
0%

Distribución de puntuación

Porcentaje por número respondido

Porcentaje de gente con cada puntuación

Historial de tus puntuaciones

No has intentado esta prueba.